| 000 | 00493nam a22001697a 4500 | ||
|---|---|---|---|
| 003 | OSt | ||
| 005 | 20251212023321.0 | ||
| 008 | 251212b |||||||| |||| 00| 0 eng d | ||
| 020 | _a978-0-7434-7711-6 | ||
| 040 |
_aDWCL -Main Lib _cOC |
||
| 082 | _aFic. Sh526r 1992 | ||
| 100 | _aShakespeare, William | ||
| 245 |
_aRomeo and Juliet / _cWlliam Shakespeare |
||
| 260 |
_aNew York: _bSimon and Schuster Paperbacks, _cc1992. |
||
| 300 |
_axlix, 281p.: _bill.; _c17 cm. |
||
| 942 |
_2ddc _cFIC. _mFic. _n0 |
||
| 999 |
_c7060 _d7060 |
||